| 000 | 01413nam a2200241Ia 4500 | ||
|---|---|---|---|
| 003 | Ost | ||
| 005 | 20260507075727.0 | ||
| 008 | 260507s9999||||xx |||||||||||||| ||und|| | ||
| 020 | _a205125177 | ||
| 040 | _cfsecg | ||
| 041 | _aara | ||
| 082 | _a343.096 | ||
| 100 |
_aيحي، سعيد _eمؤلف |
||
| 245 | 0 |
_aمسؤولية الناقل البحري : _bوفقا الاتفاقية الامم المتحدة لنقل البضائع بالبحر / _c سعيد يحي |
|
| 260 |
_aالاسكندرية: _bالمكتب العربي الحديث, _c2000 |
||
| 300 |
_a177 صفحة؛ _c24 سم |
||
| 520 | _aتحليل الاحكام الخاصة بنوعية النقل مجال المسؤلية ،الاحكام الخاصة بنطاق تطبيق الاتفاقية ، الاحكام الخاصة بمدة المسؤلية الاحكام الخاصة بأساس المسؤلية ، تحليل الاحكام الخاصة بتحديد المسؤولية تحليل بعص الحالات في مسؤلية الناقل الاحكام الخاصة بالاخطارات ، الاحكام الخاصة بتقادم الدعاوى ، الاحكام الخاصة بالاختصاص ، الاحكام الخاصة بالتحكيم | ||
| 653 | _aالإتفاقيات الدولية | ||
| 653 | _aالسلع | ||
| 653 | _aالقانون البحري | ||
| 653 | _aالنقل البحري | ||
| 942 | _cكتاب | ||
| 999 |
_c45998 _d45998 |
||